MAAK JOU EIE PATRONE (Record no. 688923)

MARC details
000 -LEADER
fixed length control field 00303nam a2200109Ia 4500
008 - FIXED-LENGTH DATA ELEMENTS--GENERAL INFORMATION
fixed length control field 220624s9999 xx 000 0 und d
020 ## - INTERNATIONAL STANDARD BOOK NUMBER
International Standard Book Number <a href="1 86825 816 5">1 86825 816 5</a>
082 ## - DEWEY DECIMAL CLASSIFICATION NUMBER
Classification number 646,4072BER
942 ## - ADDED ENTRY ELEMENTS
Creator ID 561
Creator Name John Tresidder
Modifier ID 296
Modifier Name Phillipina Naude
100 ## - MAIN ENTRY--PERSONAL NAME
Personal name Bergh, Rene
245 #0 - TITLE STATEMENT
Title MAAK JOU EIE PATRONE
942 ## - ADDED ENTRY ELEMENTS
item type Books
Holdings
Withdrawn status Lost status Damaged status Not for loan Home library Current library Date acquired Cost, normal purchase price Total Checkouts Barcode Date last seen Price effective from item type Public note
        Pullenshope PL (MMID-PLST-PULL) Pullenshope PL (MMID-PLST-PULL) 25.06.2022 59.95   33228 02343456 4 25.06.2022 25.06.2022 Books 95048370051